Aprovació definitiva del PCAL 98-99/ Pla de Cooperació i Assistència Local, PCAL
Publicado:
[Barcelona :
Diputació de Barcelona, Àrea de Cooperació, Servei de Cooperació Social ,
1997
Descripción Física:
30, 6 f. : taules ; 30 cm
Materias:
Pla de Cooperació i Assistència Local
MARC
| LEADER | 00000nam a2200000Ia 4500 | ||
|---|---|---|---|
| 001 | 16733 | ||
| 008 | 160829s1997] xx 000 0 cat d | ||
| 080 | |a FU-44-24 | ||
| 110 | 2 | |a Pla de Cooperació i Assistència Local |9 55243 | |
| 245 | |a Aprovació definitiva del PCAL 98-99/ Pla de Cooperació i Assistència Local, PCAL | ||
| 260 | |a [Barcelona : |b Diputació de Barcelona, Àrea de Cooperació, Servei de Cooperació Social, |c 1997] | ||
| 300 | |a 30, 6 f. : |b taules ; |c 30 cm | ||
| 610 | 2 | 0 | |a Pla de Cooperació i Assistència Local |9 55243 |
| 710 | 1 | |a Barcelona (Catalunya : Província). |b Servei de Cooperació Local |9 2991 | |
| 901 | |a Arxiu | ||
| 942 | |n 1 | ||
| 952 | |0 0 |1 0 |4 0 |6 FU4424 |7 1 |9 44104 |a Arxiu |b Arxiu |d 2016-12-01 |l 0 |o FU-44-24 |p 16733 |r 2016-12-01 00:00:00 |w 2016-12-01 |y ARXIU | ||
| 999 | |c 46684 |d 46684 | ||